000 00336 a2200145 4500
001 149218
040 _cEscola São Tomás de Aquino
100 _aALVES, Rubem
240 1 0 _aEstórias de bichos
_lpor
245 1 0 _aEstórias de bichos
362 0 _a1990
440 1 _aEdições Loyola
697 _a*LITERATURA INFANTO
942 _cBK
999 _c149218
_d149218